Sur les groupes de congruence des varietes abeliennes

-д хадгалсан:
Номзүйн дэлгэрэнгүй
Үндсэн зохиолч: Serre, Jean-Pierre (Зохиогч)
Формат: Ном
Хэл сонгох:франц
Хэвлэсэн: Valparaíso Universidad Católica de Valparaíso 1970
Нөхцлүүд:
Шошгууд: Шошго нэмэх
Шошго байхгүй, Энэхүү баримтыг шошголох эхний хүн болох!

MARC

LEADER 00000nam a2200000 a 4500
001 UCP2637
003 CL-VaPUC
008 990520e19700000CL |||||||||||||||||fre|d
082 0 4 |a 516.35  |b SER  |2 21 
100 0 |a Serre, Jean-Pierre  |e author  |9 429536 
245 1 0 |a Sur les groupes de congruence des varietes abeliennes 
300 |a 28 p 
942 |c BK 
945 |d 19990520 00:00:00  |a crobeson 
260 |a Valparaíso  |b Universidad Católica de Valparaíso  |c 1970 
650 0 |a Geometría algebraica  |9 270327 
650 0 |a Variedades abelianas  |9 429537 
650 0 |a Teoría algebraica de números  |9 887995 
650 0 |a Teoría de grupos   |9 270028 
583 |a last modification  |c 19990520 00:00:00  |k Rodrigo Vera 
999 |c 281148  |d 281146 
952 |0 0  |1 0  |4 0  |6 516_350000000000000_SER_1970  |7 0  |8 A  |9 321816  |a BIBMAT  |b BIBMAT  |d 2019-11-20  |i 1346415  |o 516.35 SER 1970  |p 1346415  |r 2025-01-07  |w 2019-11-20  |y BK  |k MAT